| 000 | 00413nam a2200157Ia 4500 | ||
|---|---|---|---|
| 003 | OSt | ||
| 005 | 20240719095202.0 | ||
| 008 | 230222s9999||||xx |||||||||||||| ||und|| | ||
| 040 | _cChuka University Library | ||
| 050 |
_aQL 757 _bS6 1976 |
||
| 100 |
_aSmyth, J.D. _96728 |
||
| 245 | 0 | _aIntroduction to animal parasitology | |
| 260 |
_a London _bHodder and Stoughton _c1976 |
||
| 300 | _a466p | ||
| 942 |
_cBK _01 _2lcc |
||
| 999 |
_c11440 _d11440 |
||